000 00674nam a22002417a 4500
001 BR9506476
003 BR-BrBNA
005 20230928094548.0
007 ta
008 230509b bl.||||| |||| 00| 0 por d
040 _aBR-BrBNA
_bpor
_cBiblioteca Nacional de Agricultura
041 _a(Por)
072 _aL01
_b7100
090 _ 7100 BR9506476
100 1 _aWiese, H.
110 1 _aSecretaria da Agricultura e Abastecimento, Florianopolis, SC (Brasil)
_98290
245 1 _aProjeto Apicultura: literatura apicola
260 3 _aFlorianopolis, SC (Brasil):
_c1979.
300 _a4 p.
650 _aApicultura
909 _a202309
_bLucia
_c55
_dLucia Elande
942 _cBK
999 _c51354
_d51354